LEADER 00995nam0-2200337---450- 001 990009631730403321 005 20121017115333.0 010 $a978-88-568-4032-2 035 $a000963173 035 $aFED01000963173 035 $a(Aleph)000963173FED01 035 $a000963173 100 $a20121011d2011----km-y0itay50------ba 101 0 $aita 102 $aIT 105 $aa-------001yy 200 1 $aSulla diplomazia in età moderna$epolitica, economia, religione$fa cura di Renzo Sabbatini, Paola Volpini 210 $aMilano$cFrancoAngeli$d2011 215 $a254 p.$ctab.$d23 cm 225 1 $aVarie$v1374 610 0 $aStati italiani$aDiplomazia$aSec. 16.-18. 676 $a945.07$v22$zita 702 1$aSabbatini,$bRenzo 702 1$aVolpini,$bPaola 801 0$aIT$bUNINA$gREICAT$2UNIMARC 901 $aBK 912 $a990009631730403321 952 $aCollez. 2173 (1324)$b49192$fFSPBC 959 $aFSPBC 996 $aSulla diplomazia in età moderna$9238616 997 $aUNINA